LEADER 01243nam a2200289 a 4500 001 000000134860 003 CaOOAMICUS 005 20130705130325.0 008 130705s1978 it ab u000 u ita r 040 $aPUL$bita 041 1 $aita$heng 100 1 $aCairns, Trevor.$0(OLS)http://pul/name/86879 240 10$aMen become civilized.$lItaliano.$0(OLS)http://pul/title/170551 245 10$aAlle origini della storia /$cTrevor Cairns. 260 $aRoma :$bEditori Riuniti,$c1978$a[Cambridge] :$bCambridge University Press 300 $a96 p. :$bill., c. geogr. ;$c20x22 cm 490 1 $aIntroduzione alla storia dell'umanità ;$v01 650 4$aStoria antica.$0(OLS)http://pul/subject/8581 830 0$aIntroduzione alla storia dell'umanità ;$v01.$0(OLS)http://pul/title/170550 850 $aPUL 852 $aPUL$W1$xDP1 Fondo E. Rossi$y115$m1 S 138$j155133$qFondi$B154686$CPULBib$Z2$F154686 $82 941 1 $a1 961 $aSul dorso collocazione ms. di E. Rossi: S 57 996 $6245$aAlle origini della storia$9(OLS)http://pul/title/170549 996 $6260$aRoma :$bEditori Riuniti$9(OLS)http://pul/publisher/54152 996 $6260$a[Cambridge] :$bCambridge University Press$9(OLS)http://pul/publisher/75652 LEADER 01315nam a2200313 a 4500 001 000000158786 003 CaOOAMICUS 005 20170213102819.0 008 170213s2017 it u000 u ita r 020 $a978-88-14-21869-9* 032 $aLibriCat 040 $aPUL$bita 100 1 $aFrezza, Giampaolo.$0(OLS)http://pul/name/86940 245 10$aAnnotazioni. Cancellazioni. Titolo e nota di trascrizione. Formalità e procedimento /$cGiampaolo Frezza. 260 $aMilano :$bGiuffrè,$c©2017. 300 $aXXV, 563 p. ;$c25 cm. 490 1 $aIl Codice civile.$aCommentario 500 $aInclude indici. 504 $aBibliografia in nota. 505 1 $aV. Artt. 2654-2682. 630 04$aCodice civile$zItalia.$0(OLS)http://pul/subject/33346 830 3$aIl Codice civile.$pCommentario.$0(OLS)http://pul/title/53143 850 $aPUL 852 $aPUL$W1$xSL Diritto e Scienze Sociali 3$y79$m300 A 1.2654$j182097$qDDC 21$B185279$CPULBib$Z2$F185279 $H128943 $82 941 1 $a9 996 $6020$a978-88-14-21869-9*$9(OLS)http://pul/number/162044 996 $6245$aAnnotazioni. Cancellazioni. Titolo e nota di trascrizione. Formalità e procedimento$9(OLS)http://pul/title/198391 996 $6260$aMilano :$bGiuffrè$9(OLS)http://pul/publisher/48401